Gaming Quiz

Random Gaming or Nintendo Quiz
Score 0/9 Timer 01:30
20 Plays Today
Year Released Game Title % Correct
1996Mario Kart 64
85.2%
2008Mario Kart Wii
81.8%
2014Mario Kart 8
81.8%
1992Super Mario Kart
79.9%
2011Mario Kart 7
77.4%
2005Mario Kart DS
73.4%
2003Mario Kart: Double Dash!!
72%
2017Mario Kart 8 Deluxe
65%
2001Mario Kart: Super Circuit
37.1%
Remove Ads.
Support Sporcle.
Get the best of Sporcle when you Go Orange. This ad-free experience offers more features, more stats, and more fun while also helping to support Sporcle. Thank you for becoming a member.

You're not logged in!

Compare scores with friends on all Sporcle quizzes.
OR
Log In

Show Comments

Extras

Top Quizzes Today


Score Distribution

Your Account Isn't Verified!

In order to create a playlist on Sporcle, you need to verify the email address you used during registration. Go to your Sporcle Settings to finish the process.

Report this User

Report this user for behavior that violates our Community Guidelines.

Details: